Návrh montáže modelárskeho železničného vozňa

Na minha lista:
Detalhes bibliográficos
Autor principal: Cíbik, Daniel, 1988- (Author)
Outros Autores: Václav, Štefan, 1976- (Thesis advisor)
Formato: Manuscrito Livro
Idioma:eslovaco
Publicado em: Trnava : STU v Bratislave MTF UVTE KOM, 2010
Assuntos:
Acesso em linha:VAIS
Tags: Adicionar Tag
Sem tags, seja o primeiro a adicionar uma tag!

MARC

LEADER 00000ntm a22000003a 4500
001 stu217572
005 20160719160415.6
008 101127s2010----xo------------------slo-d
040 |a STU  |b slo 
041 0 |a slo 
044 |a xo 
100 1 |a Cíbik, Daniel,  |d 1988-  |4 aut  |X 48761  |7 A000048761 
242 0 0 |a Proposition of the assembly modeling railway wagon  |y eng 
245 1 |a Návrh montáže modelárskeho železničného vozňa 
260 |a Trnava :  |b STU v Bratislave MTF UVTE KOM,  |c 2010 
650 7 |a počítačová podpora výrobných technológií  |2 stusub 
650 7 |a Computing Support of Manufacturing Technologies  |2 estusub 
700 1 |a Václav, Štefan,  |d 1976-  |4 ths  |u M3000  |U MTF Materiálovotechnologická fakulta  |T MTF Ústav výrobných technológií  |X 2778  |U M3000  |Y 83  |7 A000002778 
856 4 |a info a plný text  |u http://is.stuba.sk/zp/portal_zp.pl?podrobnosti=47392  |3 VAIS 
996 |c M*BP-5049  |l MMSKP  |s P  |a 0  |w stu217572_0001